000
00238nam a22001097a 4500
008
250411b |||||||| |||| 00| 0 eng d
040
_a
02
100
_a
CHAUDHARY,JITENDRA SINGH
245
_a
PHARMACEUTICS
260
_b
GYAN
942
_c
01
999
_c
65450
_d
65450